Name the Nutty Knights! Quiz Stats

 Plays Quiz Updated Jul 27, 2016

Score 0/30 Timer 08:00
7 Plays Today
Definition Knight % Correct
This knight is unexpected, like a birthday partySir Prise
97.4%
This knight is a cut of steakSir Loin
91.6%
This knight has a round shapeSir Cle
90.7%
This knight measures the distance around the previous knightSir Cumference
88.3%
This knight is delivered by a preacherSir Mon
88%
This knight gives in to the enemySir Render
86.7%
This knight is absolutely sureSir Tain
81.1%
This knight often has a big top and three ringsSir Cus
79.5%
This knight is a citizen of BelgradeSir Bian
76.8%
This knight can be a cook, butler or chauffeurSir Vant
75.7%
This knight is a real snakeSir Pent
75.2%
This knight is his family's identifierSir Name
73.3%
This knight has a piece of paper showing that he has achieved somethingSir Tificate
71.3%
This knight takes the lay of the landSir Veyor
67.9%
This knight is in South America, north of BrazilSir Iname
67.3%
Definition Knight % Correct
This knight is hosted by Jeff Probst in exotic locationsSir Vivor
67%
This knight orders beer in SpanishSir Veza
62.1%
This knight has a jagged edge for cutting meatSir Rated
61%
This knight has a way of getting around authority and the rulesSir Cumvent
53.8%
This knight responds in a grouchy mannerSir Ly
52.9%
This knight was a sorceress of who made Odysseus' crew feel sheepishSir Ce
48.6%
This knight is an extra levy on top of a previous levySir Tax
48.1%
This knight will rise above his difficultiesSir Mount
39.3%
This knight sits at the top of the lakeSir Face
38.5%
This knight has fringe on topSir Rey
37.7%
This knight has information that can be shared by all workstationsSir Ver
37.6%
This knight was once named C. Everett Koop in the USASir Geon General
35.5%
This knight will infer a conclusion without complete evidenceSir Mise
34.4%
This knight is a woman the Beach Boys sang aboutSir Fer Girl
21.9%
This knight sang 'Love Potion Number Nine' and 'Needles and Pins'Sir Chers
20.3%

You're not logged in!

Compare scores with friends on all Sporcle quizzes.
OR
Log In

Sporcle TV

Today on Sporcle TV


Watch our educational content, quiz creation guides, and fun videos on Sporcle TV.

Show Comments

Extras

Top Quizzes Today


Score Distribution

Your Account Isn't Verified!

In order to create a playlist on Sporcle, you need to verify the email address you used during registration. Go to your Sporcle Settings to finish the process.

Report this User

Report this user for behavior that violates our Community Guidelines.

Details: